[Event "51st National Challengers (National â€˜Bâ€™) Chess Cha"]
[Site "Bhopal, Madhya Pradesh-India"]
[Date "2013.10.13"]
[Round "2"]
[Board "7"]
[White "Sinha, Santosh Kumar"]
[Black "Deepan, Chakkravarthy J."]
[Result "1/2-1/2"]
[WhiteElo "2188"]
[BlackElo "2476"]
[PlyCount "48"]
[EventDate "2013.10.12"]
[EventRounds "13"]
[EventCountry "IND"]

1. e4 c5 2. Nf3 d6 3. d4 cxd4 4. Nxd4 Nf6 5. Nc3 a6 6. Bg5 e6 7. f4 Qc7 8. Qf3
Be7 9. O-O-O Nc6 10. Be2 Nxd4 11. Rxd4 b5 12. e5 dxe5 13. fxe5 Bb7 14. Qg3 Bc5
15. Nxb5 axb5 16. Bxb5+ Kf8 17. Bxf6 gxf6 18. Rd7 Qb6 19. a4 Bd5 20. Rf1 Be3+
21. Kb1 Qxb5 22. axb5 Ba2+ 23. Ka1 Bb3+ 24. Kb1 Ba2+ 1/2-1/2

[Event "51st National Challengers (National â€˜Bâ€™) Chess Cha"]
[Site "Bhopal, Madhya Pradesh-India"]
[Date "2013.10.13"]
[Round "2"]
[Board "8"]
[White "Narayanan, Srinath"]
[Black "Joshi, Govind Ballabh"]
[Result "1/2-1/2"]
[WhiteElo "2475"]
[BlackElo "2166"]
[PlyCount "84"]
[EventDate "2013.10.12"]
[EventRounds "13"]
[EventCountry "IND"]

1. e4 e5 2. Nf3 Nc6 3. Bb5 a6 4. Ba4 Nf6 5. O-O Be7 6. Re1 b5 7. Bb3 O-O 8. c3
d6 9. h3 Bb7 10. d4 Re8 11. Nbd2 Bf8 12. a4 h6 13. Bc2 exd4 14. Nxd4 g6 15.
axb5 Nxd4 16. cxd4 axb5 17. Rxa8 Qxa8 18. e5 Nh5 19. Qg4 Bc8 20. Qh4 dxe5 21.
dxe5 Be7 22. Qd4 c5 23. Qe3 Bg5 24. Qb3 Qa5 25. Qc3 Qxc3 26. bxc3 Bf4 27. Ne4
Bxe5 28. Bd2 Bf5 29. g4 Bxe4 30. Bxe4 Bf4 31. Bxg6 Rxe1+ 32. Bxe1 fxg6 33. gxh5
gxh5 34. Kg2 Kf7 35. Kf3 Be5 36. Ke4 Ke6 37. f4 Bf6 38. f5+ Kd6 39. Bd2 Bg5 40.
Be1 h4 41. Bf2 Bf6 42. Be1 Bg5 1/2-1/2

[Event "51st National Challengers (National â€˜Bâ€™) Chess Cha"]
[Site "Bhopal, Madhya Pradesh-India"]
[Date "2013.10.13"]
[Round "2"]
[Board "10"]
[White "Swapnil, S. Dhopade"]
[Black "Suresh, Kumar T.J."]
[Result "1/2-1/2"]
[WhiteElo "2471"]
[BlackElo "2154"]
[PlyCount "98"]
[EventDate "2013.10.12"]
[EventRounds "13"]
[EventCountry "IND"]

1. d4 d5 2. c4 c6 3. Nc3 Nf6 4. Nf3 e6 5. Bg5 Nbd7 6. e3 Be7 7. Qc2 O-O 8. Rd1
Re8 9. Bd3 dxc4 10. Bxc4 Nd5 11. Bxe7 Qxe7 12. O-O Nxc3 13. Qxc3 c5 14. Bb5 a6
15. Bxd7 Bxd7 16. dxc5 Bb5 17. Rfe1 Rac8 18. b4 b6 19. Rc1 e5 20. Nd2 Rc6 21.
Ne4 bxc5 22. Nxc5 e4 23. Qb3 Rh6 24. a4 Bd3 25. Nxd3 exd3 26. Qxd3 Qxb4 27. Qc4
Qd6 28. g3 Qd7 29. h4 Rg6 30. Red1 Qh3 31. Qe4 Rf8 32. Qe7 Re6 33. Qd7 Qf5 34.
Rc8 g6 35. Rdc1 Qf3 36. Rxf8+ Kxf8 37. Rc8+ Kg7 38. Qd8 Kh6 39. Qg5+ Kg7 40.
Qd8 Kh6 41. Qf8+ Kh5 42. Rc7 Rf6 43. Rc5+ Kg4 44. Qc8+ Re6 45. Qd7 Kh3 46. Kf1
f5 47. Qd2 Re4 48. a5 Ra4 49. Rc1 h6 1/2-1/2

[Event "51st National Challengers (National â€˜Bâ€™) Chess Cha"]
[Site "Bhopal, Madhya Pradesh-India"]
[Date "2013.10.13"]
[Round "2"]
[Board "11"]
[White "Bartakke, Amardeep S."]
[Black "Ashwin, Jayaram"]
[Result "0-1"]
[WhiteElo "2149"]
[BlackElo "2461"]
[PlyCount "60"]
[EventDate "2013.10.12"]
[EventRounds "13"]
[EventCountry "IND"]

1. e4 c5 2. Nf3 d6 3. d4 cxd4 4. Nxd4 Nf6 5. Nc3 a6 6. f4 e6 7. Bd3 Qb6 8. a4
Nc6 9. Nb3 d5 10. a5 Qc7 11. e5 Nd7 12. Qg4 f5 13. Bxf5 exf5 14. Nxd5 Qd8 15.
Qxf5 Nb6 16. Qh5+ g6 17. Nf6+ Qxf6 18. Qe2 Bb4+ 19. c3 Qf7 20. Nd2 Nd5 21. cxb4
Nd4 22. Ne4 Nxe2 23. Nd6+ Ke7 24. Nxf7 Nxc1 25. Nxh8 Nd3+ 26. Kd2 N3xf4 27.
Rhf1 Be6 28. g3 Nh3 29. Nxg6+ hxg6 30. Rac1 Rd8 0-1

[Event "51st National Challengers (National â€˜Bâ€™) Chess Cha"]
[Site "Bhopal, Madhya Pradesh-India"]
[Date "2013.10.13"]
[Round "2"]
[Board "12"]
[White "Neelotpal, Das"]
[Black "Dhulipala, Bala Chandra Prasad"]
[Result "1/2-1/2"]
[WhiteElo "2455"]
[BlackElo "2139"]
[PlyCount "60"]
[EventDate "2013.10.12"]
[EventRounds "13"]
[EventCountry "IND"]

1. d4 Nf6 2. c4 g6 3. Nc3 Bg7 4. g3 O-O 5. Bg2 d6 6. Nf3 Nc6 7. O-O a6 8. Bf4
Rb8 9. Rc1 Bd7 10. Qd2 b5 11. Nd5 bxc4 12. Nxf6+ Bxf6 13. Rxc4 e5 14. dxe5 Nxe5
15. Rb4 Rxb4 16. Qxb4 Qb8 17. Qxb8 Rxb8 18. b3 Nxf3+ 19. Bxf3 g5 20. Bd2 Be5
21. Rc1 c5 22. Bd5 Be6 23. e4 Re8 24. Bxe6 fxe6 25. Be3 h6 26. Rc4 Kg7 27. f3
Bf6 28. Kg2 Kf7 29. Ra4 Ra8 30. f4 Be7 1/2-1/2

[Event "51st National Challengers (National â€˜Bâ€™) Chess Cha"]
[Site "Bhopal, Madhya Pradesh-India"]
[Date "2013.10.13"]
[Round "2"]
[Board "13"]
[White "Dahale, Atul"]
[Black "Karthikeyan, Murali"]
[Result "0-1"]
[WhiteElo "2137"]
[BlackElo "2444"]
[PlyCount "152"]
[EventDate "2013.10.12"]
[EventRounds "13"]
[EventCountry "IND"]

1. d4 d5 2. c4 e6 3. Nc3 Nf6 4. Bg5 Nbd7 5. cxd5 exd5 6. e3 Be7 7. Bd3 O-O 8.
Nf3 c6 9. Qc2 Re8 10. O-O Nf8 11. Rab1 Ne4 12. Bxe7 Qxe7 13. Bxe4 dxe4 14. Nd2
f5 15. b4 Ng6 16. b5 Nh4 17. Ne2 Be6 18. bxc6 Rac8 19. Qc5 Rxc6 20. Qxe7 Rxe7
21. Nb3 Bc4 22. Rfe1 Bxe2 23. Rxe2 Rg6 24. g3 Nf3+ 25. Kg2 Rc6 26. Nc5 g5 27.
h3 Rec7 28. Reb2 b6 29. Na6 Rc8 30. Nb4 Rc1 31. d5 R8c5 32. Nc6 Kf8 33. Nxa7
Ne1+ 34. Kh2 Nf3+ 35. Kg2 R5c2 36. Rxb6 Ne1+ 37. Kf1 Nf3+ 38. Kg2 Ne1+ 39. Kf1
Nd3+ 40. Rxc1 Rxc1+ 41. Ke2 Rc2+ 42. Kd1 Rxa2 43. Nc6 Nxf2+ 44. Kc1 Nd3+ 45.
Kb1 Rd2 46. Nd4 f4 47. gxf4 gxf4 48. exf4 e3 49. Rb8+ Kf7 50. Rb7+ Kg6 51. Rb6+
Kh5 52. Nf5 Nxf4 53. Nxe3 Rd3 54. Ng4 Rxh3 55. Nf6+ Kg5 56. Ne8 Rd3 57. Rb7 h5
58. d6 h4 59. Rg7+ Kh6 60. Rg4 Ng6 61. Kc2 Rd5 62. Kc3 h3 63. Rg1 Nf4 64. Kc4
Rd2 65. Kc5 h2 66. Rh1 Kg5 67. d7 Kg4 68. Kc6 Kh3 69. Nc7 Kg2 70. Rxh2+ Kxh2
71. Nb5 Ne6 72. Nd6 Kh3 73. Ne4 Rd4 74. Nf6 Kh4 75. Nd5 Kg5 76. Kd6 Kf5 0-1

[Event "51st National Challengers (National â€˜Bâ€™) Chess Cha"]
[Site "Bhopal, Madhya Pradesh-India"]
[Date "2013.10.13"]
[Round "2"]
[Board "14"]
[White "Kiran, Panditrao"]
[Black "Swayams, Mishra"]
[Result "0-1"]
[WhiteElo "2124"]
[BlackElo "2434"]
[PlyCount "70"]
[EventDate "2013.10.12"]
[EventRounds "13"]
[EventCountry "IND"]

1. Nf3 d6 2. d4 Nf6 3. g3 c5 4. Bg2 cxd4 5. Nxd4 d5 6. O-O e5 7. Nf3 Nc6 8. c4
d4 9. e3 Be7 10. exd4 exd4 11. Nbd2 O-O 12. Nb3 d3 13. Bf4 Be6 14. Rc1 Qd7 15.
Rc3 Rfd8 16. Qb1 Bf5 17. Nbd2 h6 18. a3 a5 19. Rd1 Bc5 20. Qc1 Ng4 21. Rf1 g5
22. Nb3 Bxf2+ 23. Rxf2 Nxf2 24. Kxf2 gxf4 25. Qxf4 Qe6 26. Rc1 Kg7 27. Nbd4
Nxd4 28. Nxd4 Qb6 29. Bd5 Bg6 30. Kg2 Qf6 31. Qe3 Re8 32. Qg1 Be4+ 33. Kh3 Bxd5
34. cxd5 d2 35. Rf1 Re1 0-1

[Event "51st National Challengers (National â€˜Bâ€™) Chess Cha"]
[Site "Bhopal, Madhya Pradesh-India"]
[Date "2013.10.13"]
[Round "2"]
[Board "15"]
[White "Satyapragyan, Swayangsu"]
[Black "Anilkumar, O.T."]
[Result "1/2-1/2"]
[WhiteElo "2430"]
[BlackElo "2132"]
[PlyCount "125"]
[EventDate "2013.10.12"]
[EventRounds "13"]
[EventCountry "IND"]

1. e4 c5 2. Nc3 e6 3. Nf3 a6 4. d4 cxd4 5. Nxd4 Nf6 6. e5 Ng8 7. Bf4 Qc7 8. Bd3
d5 9. exd6 Bxd6 10. Bxd6 Qxd6 11. Ne4 Qb6 12. O-O Nd7 13. c3 Ngf6 14. Qe2 Nxe4
15. Bxe4 Nf6 16. Bc2 O-O 17. Rad1 Bd7 18. Rd3 Bb5 19. Nxb5 Qxb5 20. b3 Rad8 21.
Rfd1 Rxd3 22. Rxd3 Qg5 23. Qd2 Qxd2 24. Rxd2 Rc8 25. c4 Kf8 26. f3 Ke7 27. Kf2
h6 28. Ke3 b6 29. Bd3 Nd7 30. Be2 g5 31. Rd4 Ne5 32. f4 Nc6 33. Rd2 gxf4+ 34.
Kxf4 f6 35. c5 bxc5 36. Bxa6 Rg8 37. Bb5 Nd4 38. Bc4 h5 39. Ke3 Ra8 40. Kd3 f5
41. a4 Kd6 42. Kc3 e5 43. Ra2 Nc6 44. Bb5 Nd4 45. Bc4 Nc6 46. Rd2+ Nd4 47. Rd3
f4 48. Rh3 Rh8 49. Kd3 Ne6 50. Rh4 Ke7 51. g4 fxg3 52. hxg3 Kf6 53. Bxe6 Kxe6
54. Kc4 Kd6 55. a5 Kc6 56. a6 Rg8 57. a7 Kb7 58. Rxh5 Kxa7 59. Kxc5 Rxg3 60.
Rh7+ Ka6 61. Rh6+ Kb7 62. Rh7+ Ka6 63. Rh6+ 1/2-1/2

[Event "51st National Challengers (National â€˜Bâ€™) Chess Cha"]
[Site "Bhopal, Madhya Pradesh-India"]
[Date "2013.10.13"]
[Round "2"]
[Board "16"]
[White "Laxman, R.R."]
[Black "Santanu, Borpatra Gohain"]
[Result "1-0"]
[WhiteElo "2424"]
[BlackElo "2103"]
[PlyCount "77"]
[EventDate "2013.10.12"]
[EventRounds "13"]
[EventCountry "IND"]

1. d4 d5 2. Nf3 Nf6 3. c4 e6 4. g3 Be7 5. Bg2 O-O 6. O-O dxc4 7. Qc2 a6 8. Qxc4
b5 9. Qc2 Bb7 10. Bd2 Be4 11. Qc1 Nbd7 12. Ba5 Rc8 13. Nbd2 Ba8 14. Qc2 Qe8 15.
b4 Nd5 16. a3 f5 17. Rac1 Qg6 18. Rfe1 Qh6 19. e4 fxe4 20. Nxe4 Rf5 21. h4 Rcf8
22. Nfg5 Bxg5 23. hxg5 Qg6 24. Qe2 e5 25. Qd2 exd4 26. Qxd4 Ne5 27. Nd2 Qxg5
28. Bxd5+ Bxd5 29. Qxd5+ Kh8 30. Rxc7 Qxd2 31. Qxd2 Nf3+ 32. Kg2 Nxd2 33. Bb6
Nc4 34. Bd4 Rg5 35. Ree7 Rg8 36. f4 Rg6 37. f5 Rg4 38. f6 Rd8 39. f7 1-0

[Event "51st National Challengers (National â€˜Bâ€™) Chess Cha"]
[Site "Bhopal, Madhya Pradesh-India"]
[Date "2013.10.13"]
[Round "2"]
[Board "17"]
[White "Thejkumar, M. S."]
[Black "Rohan, Ahuja"]
[Result "1-0"]
[WhiteElo "2421"]
[BlackElo "2093"]
[PlyCount "71"]
[EventDate "2013.10.12"]
[EventRounds "13"]
[EventCountry "IND"]

1. d4 Nf6 2. c4 g6 3. Nc3 Bg7 4. e4 d6 5. Nf3 O-O 6. Be2 e5 7. O-O Nc6 8. d5
Ne7 9. b4 Nh5 10. g3 f5 11. Ng5 Nf6 12. Bf3 fxe4 13. Ncxe4 Nf5 14. Bg2 Nd4 15.
Bb2 Nxe4 16. Nxe4 Bf5 17. Re1 a5 18. b5 Re8 19. f4 Bxe4 20. Rxe4 Nf5 21. fxe5
Bxe5 22. Bxe5 Rxe5 23. Rxe5 dxe5 24. c5 Qe7 25. d6 cxd6 26. Qd5+ Kf8 27. g4
dxc5 28. gxf5 gxf5 29. Rf1 f4 30. Re1 Rd8 31. Qxb7 Qxb7 32. Bxb7 Rd2 33. Rb1
Ke7 34. b6 c4 35. Be4 Rd8 36. b7 1-0

[Event "51st National Challengers (National â€˜Bâ€™) Chess Cha"]
[Site "Bhopal, Madhya Pradesh-India"]
[Date "2013.10.13"]
[Round "2"]
[Board "19"]
[White "Mahalakshmi, M"]
[Black "Sangma, Rahul"]
[Result "1/2-1/2"]
[WhiteElo "2116"]
[BlackElo "2394"]
[PlyCount "62"]
[EventDate "2013.10.12"]
[EventRounds "13"]
[EventCountry "IND"]

1. d4 d5 2. c4 e6 3. Nc3 Nf6 4. cxd5 exd5 5. Bg5 Be7 6. e3 c6 7. Qc2 O-O 8. Bd3
h6 9. Bh4 Re8 10. Nge2 Ne4 11. Bxe7 Qxe7 12. Bxe4 dxe4 13. Ng3 f5 14. d5 Qf7
15. O-O Rd8 16. f3 cxd5 17. fxe4 dxe4 18. Ncxe4 Nc6 19. Nc3 Nb4 20. Qa4 Qe7 21.
Nxf5 Bxf5 22. Rxf5 Rf8 23. Qb3+ Kh8 24. Nd5 Nxd5 25. Rxd5 Rae8 26. Rd3 Qh4 27.
Qc2 Re7 28. Rad1 Qg5 29. Qd2 Kh7 30. Re1 Ref7 31. Rd1 Qg6 1/2-1/2

[Event "51st National Challengers (National â€˜Bâ€™) Chess Cha"]
[Site "Bhopal, Madhya Pradesh-India"]
[Date "2013.10.13"]
[Round "2"]
[Board "20"]
[White "Himanshu, Sharma"]
[Black "Jagadeesh, A.K."]
[Result "1-0"]
[WhiteElo "2391"]
[BlackElo "2068"]
[PlyCount "32"]
[EventDate "2013.10.12"]
[EventRounds "13"]
[EventCountry "IND"]

1. e4 e6 2. d3 d5 3. c3 e5 4. Nf3 Nc6 5. Qa4 dxe4 6. Nxe5 exd3 7. Nxc6 bxc6 8.
Bxd3 Qxd3 9. Qxc6+ Ke7 10. Qxa8 Ba6 11. Qf3 Qc2 12. Na3 Qg6 13. Bf4 Ke8 14.
O-O-O Nf6 15. Rhe1+ Be7 16. Qa8+ Bc8 1-0

[Event "51st National Challengers (National â€˜Bâ€™) Chess Cha"]
[Site "Bhopal, Madhya Pradesh-India"]
[Date "2013.10.13"]
[Round "2"]
[Board "21"]
[White "Negi, Virender Singh"]
[Black "Sharma, Dinesh K."]
[Result "1/2-1/2"]
[WhiteElo "2094"]
[BlackElo "2390"]
[PlyCount "81"]
[EventDate "2013.10.12"]
[EventRounds "13"]
[EventCountry "IND"]

1. e4 e6 2. d3 d5 3. Nd2 Nf6 4. Ngf3 Nc6 5. c3 a5 6. a4 dxe4 7. dxe4 Bc5 8. Bb5
Bd7 9. O-O Ng4 10. Nc4 Ne7 11. Bxd7+ Qxd7 12. Qe2 O-O 13. h3 Nf6 14. Nfe5 Qe8
15. Rd1 Kh8 16. g4 h6 17. h4 b5 18. g5 Rg8 19. axb5 Nh7 20. Rxa5 Rxa5 21. Nxa5
Bd6 22. Nac4 f6 23. Rxd6 fxe5 24. Rxe6 Qf7 25. Rxe5 Ra8 26. Na3 Ng6 27. Rf5 Qe8
28. gxh6 Nxh4 29. hxg7+ Kg8 30. Qc4+ Kxg7 31. Rf4 Ng6 32. Qxc7+ Kg8 33. Qc4+
Kg7 34. Qd4+ Kg8 35. Qd5+ Kg7 36. Rf7+ Qxf7 37. Bh6+ Kf6 38. Qxa8 Ne5 39. Qa6+
Ke7 40. Be3 Qh5 41. Qb7+ 1/2-1/2

[Event "51st National Challengers (National â€˜Bâ€™) Chess Cha"]
[Site "Bhopal, Madhya Pradesh-India"]
[Date "2013.10.13"]
[Round "2"]
[Board "22"]
[White "Karthikeyan, P."]
[Black "Sai Agni Jeevitesh, J"]
[Result "1/2-1/2"]
[WhiteElo "2389"]
[BlackElo "2067"]
[PlyCount "47"]
[EventDate "2013.10.12"]
[EventRounds "13"]
[EventCountry "IND"]

1. Nf3 Nf6 2. g3 b6 3. Bg2 Bb7 4. O-O e6 5. c4 Be7 6. Nc3 O-O 7. Qc2 c5 8. e4
d6 9. d4 Nc6 10. e5 dxe5 11. dxe5 Nd7 12. Rd1 Qc8 13. Bf4 h6 14. h4 Rd8 15. Qe2
Nf8 16. Rxd8 Qxd8 17. Rd1 Qe8 18. h5 Rd8 19. Nd2 Kh8 20. Qe3 Kh7 21. g4 Ba8 22.
Rc1 Qd7 23. Nde4 Qd3 24. Nb5 1/2-1/2

[Event "51st National Challengers (National â€˜Bâ€™) Chess Cha"]
[Site "Bhopal, Madhya Pradesh-India"]
[Date "2013.10.13"]
[Round "2"]
[Board "23"]
[White "Agarwal, Brajesh"]
[Black "Stany, G.A."]
[Result "0-1"]
[WhiteElo "2084"]
[BlackElo "2388"]
[PlyCount "82"]
[EventDate "2013.10.12"]
[EventRounds "13"]
[EventCountry "IND"]

1. d4 Nf6 2. c4 e6 3. Nf3 b6 4. a3 Ba6 5. e3 d5 6. b3 Bd6 7. Be2 Nbd7 8. Bb2
Bb7 9. Nbd2 O-O 10. Qc2 c5 11. cxd5 exd5 12. O-O Rc8 13. Qf5 Qe7 14. Ne5 g6 15.
Qg5 h6 16. Qxh6 Nxe5 17. dxe5 Bxe5 18. Bxe5 Qxe5 19. Nf3 Qb2 20. Bd3 Nh7 21.
Rab1 Qg7 22. Qf4 Rfe8 23. h4 Qf6 24. Qg3 Kh8 25. Rfe1 Rcd8 26. Nh2 Bc8 27. e4
dxe4 28. Bxe4 Qe5 29. Qxe5+ Rxe5 30. Nf3 Re7 31. Bc6 Be6 32. Ne5 Bf5 33. Rbc1
Kg7 34. Bb5 Rd6 35. Nf3 Rxe1+ 36. Rxe1 Be6 37. b4 Nf6 38. Rc1 Ne4 39. Ne1 c4
40. f3 Ng3 41. Rc2 Nf5 0-1

[Event "51st National Challengers (National â€˜Bâ€™) Chess Cha"]
[Site "Bhopal, Madhya Pradesh-India"]
[Date "2013.10.13"]
[Round "2"]
[Board "25"]
[White "Basu, Suman"]
[Black "Sagar, Shah"]
[Result "1/2-1/2"]
[WhiteElo "2067"]
[BlackElo "2373"]
[PlyCount "74"]
[EventDate "2013.10.12"]
[EventRounds "13"]
[EventCountry "IND"]

1. e4 c6 2. d4 d5 3. Nc3 dxe4 4. Nxe4 Bf5 5. Ng3 Bg6 6. h4 h6 7. Nh3 Nf6 8. Nf4
Bh7 9. Bc4 e6 10. O-O Bd6 11. Re1 O-O 12. c3 Nd5 13. Qg4 Nxf4 14. Bxf4 Bxf4 15.
Qxf4 Nd7 16. Rad1 Nf6 17. Bd3 Bxd3 18. Rxd3 Qd5 19. b3 Rfd8 20. Re5 Qd6 21. Ne4
Nxe4 22. Qxe4 Qa3 23. Qe2 Rd5 24. c4 Rd7 25. d5 cxd5 26. cxd5 Qa6 27. Qd2 Rad8
28. Rg3 exd5 29. Qd4 f6 30. Ree3 f5 31. Re5 Qf6 32. Rf3 Rf7 33. g4 Qxh4 34.
Rexf5 Rfd7 35. Rxd5 Rc8 36. Kg2 Rc1 37. Rh5 Qd8 1/2-1/2

[Event "51st National Challengers (National â€˜Bâ€™) Chess Cha"]
[Site "Bhopal, Madhya Pradesh-India"]
[Date "2013.10.13"]
[Round "2"]
[Board "28"]
[White "Das, Sayantan"]
[Black "Harikrishna., S. R."]
[Result "1-0"]
[WhiteElo "2366"]
[BlackElo "2044"]
[PlyCount "52"]
[EventDate "2013.10.12"]
[EventRounds "13"]
[EventCountry "IND"]

1. e4 c5 2. Nc3 a6 3. f4 b5 4. g3 Bb7 5. Bg2 Nf6 6. d3 e6 7. Nf3 d6 8. O-O Be7
9. h3 O-O 10. g4 Nc6 11. Ne2 Nd7 12. Ng3 Re8 13. g5 g6 14. b3 Bf8 15. Bb2 e5
16. h4 b4 17. f5 a5 18. a4 Nd4 19. Nh2 Bg7 20. Ng4 Bc6 21. Qd2 Ra7 22. h5 Qa8
23. Nf6+ Nxf6 24. gxf6 Bf8 25. hxg6 fxg6 26. Qg5 Kf7 1-0

[Event "51st National Challengers (National â€˜Bâ€™) Chess Cha"]
[Site "Bhopal, Madhya Pradesh-India"]
[Date "2013.10.13"]
[Round "2"]
[Board "30"]
[White "Dave, Kantilal"]
[Black "Aravindh, Chithambaram Vr."]
[Result "0-1"]
[WhiteElo "2064"]
[BlackElo "2346"]
[PlyCount "68"]
[EventDate "2013.10.12"]
[EventRounds "13"]
[EventCountry "IND"]

1. Nf3 d5 2. e3 Nf6 3. b3 c5 4. Bb2 Nc6 5. Be2 e6 6. d4 cxd4 7. Nxd4 Bb4+ 8. c3
Bd6 9. O-O e5 10. Nb5 Bb8 11. a4 a6 12. N5a3 O-O 13. Nc2 Be6 14. Nd2 Qc7 15.
Re1 Rd8 16. Nf1 Ne4 17. Rc1 f5 18. Bf3 Ba7 19. Na1 Qf7 20. Qc2 Rac8 21. Qb1 Ng5
22. Bd1 f4 23. Ba3 Bf5 24. Qa2 Be4 25. f3 Bd3 26. Be2 Bxe2 27. Rxe2 fxe3 28.
Nxe3 d4 29. cxd4 exd4 30. Nc4 d3+ 31. Rf2 d2 32. Rd1 Ne4 33. Rdxd2 Rxd2 34.
Nxd2 Nxf2 0-1

[Event "51st National Challengers (National â€˜Bâ€™) Chess Cha"]
[Site "Bhopal, Madhya Pradesh-India"]
[Date "2013.10.13"]
[Round "2"]
[Board "31"]
[White "Krishna, C.R.G."]
[Black "Pardeep, Arora"]
[Result "1-0"]
[WhiteElo "2340"]
[BlackElo "2033"]
[PlyCount "79"]
[EventDate "2013.10.12"]
[EventRounds "13"]
[EventCountry "IND"]

1. d4 d5 2. Nf3 Nf6 3. c4 e6 4. g3 Nbd7 5. Bg2 Be7 6. O-O O-O 7. Qc2 dxc4 8.
Qxc4 a6 9. Qc2 Ra7 10. Nc3 b5 11. Ne5 Bb7 12. Nc6 Bxc6 13. Bxc6 Nb6 14. Rd1
Nfd5 15. a3 Bg5 16. Ne4 Bxc1 17. Raxc1 h6 18. Nc5 Ne7 19. Nb7 Qb8 20. Na5 Nc4
21. Nxc4 Nxc6 22. Ne5 Nxe5 23. dxe5 Rc8 24. Qc6 Qb7 25. f4 Kf8 26. Kf2 Qxc6 27.
Rxc6 Ke7 28. Rdc1 Kd7 29. e4 Rb8 30. Ke3 a5 31. R6c5 a4 32. Rd1+ Kc8 33. Rd4
Rb6 34. Kd3 c6 35. Kc3 Rc7 36. Kb4 Rb8 37. Rc2 Kb7 38. Kc5 Rbc8 39. Rcd2 g6 40.
Rd8 1-0

[Event "51st National Challengers (National â€˜Bâ€™) Chess Cha"]
[Site "Bhopal, Madhya Pradesh-India"]
[Date "2013.10.13"]
[Round "2"]
[Board "32"]
[White "Mehar, Chinna Reddy C.H."]
[Black "Kushwaha, Sanjay"]
[Result "1-0"]
[WhiteElo "2339"]
[BlackElo "2025"]
[PlyCount "59"]
[EventDate "2013.10.12"]
[EventRounds "13"]
[EventCountry "IND"]

1. e4 e5 2. Nf3 Nc6 3. Bb5 a6 4. Ba4 Nf6 5. O-O Be7 6. Re1 b5 7. Bb3 O-O 8. h3
d6 9. c3 Na5 10. Bc2 c5 11. d4 Qc7 12. d5 Bd7 13. Nbd2 Nb7 14. Nf1 c4 15. Ng3
Rac8 16. Nh2 Ne8 17. Nf5 Bxf5 18. exf5 f6 19. Re4 Rf7 20. Rh4 Bf8 21. Qh5 h6
22. Qg6 Kh8 23. Rg4 Qd7 24. Bxh6 Kg8 25. Be3 Nc7 26. Rh4 Re7 27. Ng4 Qe8 28.
Nh6+ Kh8 29. Nf7+ Kg8 30. Rh8# 1-0

[Event "51st National Challengers (National â€˜Bâ€™) Chess Cha"]
[Site "Bhopal, Madhya Pradesh-India"]
[Date "2013.10.13"]
[Round "2"]
[Board "38"]
[White "Gusain, Himal"]
[Black "Nayandeep, Dilip Kotangle"]
[Result "1-0"]
[WhiteElo "2307"]
[BlackElo "2007"]
[PlyCount "37"]
[EventDate "2013.10.12"]
[EventRounds "13"]
[EventCountry "IND"]

1. e4 c5 2. d4 cxd4 3. c3 dxc3 4. Nxc3 Nc6 5. Nf3 d6 6. Bc4 e6 7. O-O Nf6 8.
Qe2 a6 9. Rd1 Qc7 10. Bf4 Nh5 11. Be3 Be7 12. Rac1 O-O 13. Na4 b5 14. Nb6 Rb8
15. Nxc8 Rfxc8 16. Bd5 Qd7 17. Bxc6 Rxc6 18. Rxc6 Qxc6 19. Nd4 1-0

[Event "51st National Challengers (National â€˜Bâ€™) Chess Cha"]
[Site "Bhopal, Madhya Pradesh-India"]
[Date "2013.10.13"]
[Round "2"]
[Board "50"]
[White "Vignesh, Nr"]
[Black "Sudarshan, Malga"]
[Result "1-0"]
[WhiteElo "2256"]
[BlackElo "1804"]
[PlyCount "59"]
[EventDate "2013.10.12"]
[EventRounds "13"]
[EventCountry "IND"]

1. e4 e5 2. Nf3 Nc6 3. Bb5 a6 4. Ba4 Nf6 5. d3 d6 6. O-O Be7 7. h3 O-O 8. Bxc6
bxc6 9. c3 c5 10. Re1 Bb7 11. Nbd2 Re8 12. Nf1 c4 13. Ng3 cxd3 14. Qxd3 g6 15.
Bg5 Nd7 16. Be3 Nf8 17. c4 c5 18. Rad1 Ne6 19. Bh6 Nd4 20. Nxd4 exd4 21. Nf5
Bf6 22. Qg3 Bxe4 23. Nxd6 Be5 24. Rxe4 Qxd6 25. Rde1 f6 26. f4 d3 27. fxe5 fxe5
28. Rxe5 Rxe5 29. Qxe5 d2 30. Qg7# 1-0

[Event "51st National Challengers (National â€˜Bâ€™) Chess Cha"]
[Site "Bhopal, Madhya Pradesh-India"]
[Date "2013.10.13"]
[Round "2"]
[Board "58"]
[White "Roy, Prantik"]
[Black "Prachurya, Kumar Pradhan-Visually Cha"]
[Result "1-0"]
[WhiteElo "2238"]
[BlackElo "1646"]
[PlyCount "55"]
[EventDate "2013.10.12"]
[EventRounds "13"]
[EventCountry "IND"]

1. d4 Nf6 2. c4 e6 3. Nc3 Bb4 4. e3 c5 5. Bd3 cxd4 6. exd4 d5 7. Nf3 Nc6 8. O-O
O-O 9. Bg5 Be7 10. c5 b6 11. Bb5 Bb7 12. Bxc6 Bxc6 13. Ne5 Rc8 14. b4 a6 15.
Qd3 Bb7 16. Na4 bxc5 17. bxc5 h6 18. Bh4 g5 19. Bg3 Ne4 20. Nb6 Nxg3 21. fxg3
Rxc5 22. Nxf7 Rxf7 23. Rxf7 Kxf7 24. Qh7+ Ke8 25. Qg6+ Kf8 26. Rf1+ Bf6 27.
Rxf6+ Ke7 28. Qf7+ 1-0

[Event "51st National Challengers (National â€˜Bâ€™) Chess Cha"]
[Site "Bhopal, Madhya Pradesh-India"]
[Date "2013.10.13"]
[Round "2"]
[Board "66"]
[White "Kumar, Gaurav"]
[Black "Sethuraman, S.P."]
[Result "0-1"]
[WhiteElo "1933"]
[BlackElo "2566"]
[PlyCount "66"]
[EventDate "2013.10.12"]
[EventRounds "13"]
[EventCountry "IND"]

1. e4 c5 2. Nf3 e6 3. d4 cxd4 4. Nxd4 Nc6 5. Nc3 Qc7 6. Be2 a6 7. O-O Nf6 8.
Be3 Be7 9. f4 d6 10. Kh1 O-O 11. Qe1 Na5 12. Qg3 Nc4 13. Bc1 b5 14. e5 Ne8 15.
b3 Nb6 16. exd6 Nxd6 17. Bb2 Bf6 18. Ncxb5 axb5 19. Nxb5 Qxc2 20. Bxf6 Nf5 21.
Qg4 h5 22. Qxh5 gxf6 23. Rf3 Rd8 24. Rh3 Kf8 25. a4 Bb7 26. Rc3 Qb2 27. Rg1
Rac8 28. Rxc8 Rxc8 29. a5 Nd5 30. Na7 Rc1 31. Qh8+ Ke7 32. Qb8 Rxg1+ 33. Kxg1
Qd4+ 0-1

[Event "51st National Challengers (National â€˜Bâ€™) Chess Cha"]
[Site "Bhopal, Madhya Pradesh-India"]
[Date "2013.10.14"]
[Round "3"]
[Board "1"]
[White "Saravana, Krishnan P."]
[Black "Lalith, Babu M.R."]
[Result "1/2-1/2"]
[WhiteElo "2323"]
[BlackElo "2583"]
[PlyCount "102"]
[EventDate "2013.10.12"]
[EventRounds "13"]
[EventCountry "IND"]

1. e4 e6 2. d4 d5 3. Nd2 Nf6 4. e5 Nfd7 5. f4 c5 6. Ngf3 Nc6 7. Nb3 c4 8. Nbd2
h6 9. h4 b5 10. Be2 Qa5 11. O-O Qb6 12. c3 g5 13. Rf2 g4 14. Ne1 h5 15. Nf1 f6
16. Be3 Ne7 17. Nc2 Nf5 18. g3 Bh6 19. Bd2 Rf8 20. Nce3 Nxe3 21. Bxe3 a5 22.
Qc2 f5 23. Bd2 Nb8 24. Ne3 Nc6 25. Bf1 Ba6 26. Bg2 Ne7 27. Rff1 Kf7 28. a3 Rab8
29. Rfb1 Rfc8 30. Be1 Rc7 31. Bf2 Bc8 32. Qe2 Bd7 33. Nc2 Ng6 34. Be3 Rcb7 35.
Qf2 Bf8 36. Bd2 Be7 37. Be1 Bc6 38. Rd1 Qd8 39. Ne3 Qd7 40. Nc2 Bf8 41. Rdc1
Ne7 42. Bf1 Nc8 43. Be2 Nb6 44. Bd1 Na8 45. Bd2 Nc7 46. Qe3 Na6 47. Qe1 Rb6 48.
Ne3 b4 49. axb4 axb4 50. Bc2 R8b7 51. Ra5 Nc7 1/2-1/2